| 000 | 02420cam a22003734i 4500 | ||
|---|---|---|---|
| 003 | PE-LiUPU | ||
| 005 | 20250731183428.0 | ||
| 008 | 150706s2005 sp r 000 0 d | ||
| 035 | _a(Sirsi) a49587 | ||
| 040 |
_aPE-LiUPU _bspa _cPE-LiUPU _erda |
||
| 049 | _aPRUA | ||
| 082 | 0 | 4 |
_a720.9 _bM41 _221 |
| 100 | 1 |
_aMelvin, Jeremy, _eautor. |
|
| 245 | 1 | 3 |
_a...ismos : _bpara entender la arquitectura / _cJeremy Melvin. |
| 264 | 1 |
_aMadrid : _bTURNER, _c2005. |
|
| 300 |
_a159 páginas : _bilustraciones ; _c21 cm. |
||
| 336 |
_atext _2rdacontent |
||
| 337 |
_aunmediated _2rdamedia |
||
| 338 |
_avolume _2rdacarrier |
||
| 505 | 0 | _aAntigüedad y Pre-Renacimiento -- Preclasicismo -- Indismo -- Protoclasicismo -- Clasicismo helénico -- Confucianismo -- Clasicismo romano -- Precolombismo -- Sintoísmo -- Cristianismo clásico -- Islamicismo -- Indo-jemerismo -- Escolasticismo gótico -- Mercantilismo gótico -- Renacimiento -- Invencionismo -- Humanismo -- Idealismo -- Manierismo -- Pietismo -- Clasicismo regional -- Barroco -- Absolutismo -- Empirismo inglés -- Rococó -- Palladianismo -- Urbanismo georgiano -- Premodernidad -- Neoclasicismo -- Exoticismo -- Sublimismo -- Racionalismo arquitectónico -- Materialismo -- Medievalismo -- Victorianismo -- Urbanismo monumental -- Antiurbanismo -- Industrialismo decorativo -- Imperialismo -- Modernidad -- Expresionismo -- Usonianismo -- Constructivismo -- Purismo -- Recionalismo -- Funcionalismo -- Rascacielos -- Totalitarismo -- Corporatismo -- Brutalismo -- Posmodernidad -- Estructuralismo -- Regionalismo -- Metabolismo -- Posmodernismo -- Tecnologismo -- Neorracionalismo -- Desconstructivismo -- Ecologismo -- Metarracionalismo. | |
| 526 | _aP158 | ||
| 526 | _aP146 | ||
| 526 | _aP17 | ||
| 526 | _aP12 | ||
| 526 | _aP06 | ||
| 541 | _g003-001181; | ||
| 650 | 0 | 4 |
_aArquitectura _xHistoria _vManuales, etc. |
| 910 |
_agl _bjv _clch _d20110525 |
||
| 942 |
_2ddc _cBOOK |
||
| 949 |
_a720.9 M41 _wDEWEY _c1 _i62918 _lCCODEBUL1 _mBUL _p29.00 _r0 _sY _tLIBRO _u2015-07-06 _xINGENIERIA _PP06 _o.STAFF. Colección General |
||
| 994 |
_aC0 _bPEPRU |
||
| 596 | _a1 | ||
| 999 |
_a720.9 M41 _wDEWEY _c51948 _i62918 _d51948 _e2022-6-22 _f2021-11-9 _g7 _lCCODEBUL1 _mBUL _n5 _p29.00 _q2 _r0 _sY _tBOOK _u2015-7-6 _xINGENIERIA _PP06 _0COMPRA _o.STAFF. Colección Ingeniería y Arquitectura |
||
| 980 |
_81 _gALBERTO SANCHEZ Responsable de Automatización |
||